01494nam a2200229 a 4500001001000000003000400010005001700014007000300031008004100034020001500075040002600090082003000116100003600146245005700182260007200239300002100311490008100332500007000413500007300483505066200556650004601218000044192OSt20220331103537.0ta140606s2004 dr r 000 0 spa d a9993430609 aDO-SdBNPbspacBPMSU  aRD861.44 bG216p 20042221 aGarcía, José Enriqued1948-13aLa palabra en su asiento /cJosé Enrique García. aSanto Domingo :bBanco Central de la República Dominicana,c2004. a345 p. ;c24 cm.0 aBanco Central de la República Dominicana ;v62 ,aArte y literatura ;v23. aIncluye datos biográficos del autor en la solapa de la cubierta aIncluye referencias bibliográficas y notas al pie de las páginas aIntroducción 7 -- EL ACTO POETICO Y LA EXPRESIVIDAD 11 -- El carácter mimético de la poesía 13 -- Naturaleza de la poesía 16 -- Poesía y comunicación 23 -- Epoca literaria 27 -- Epoca y generaciones 32 -- Epoca simbólica 35 -- La poesía y sus contextos 40 -- Lo ideológico como contexto 48 -- La especificidad dominicana 57 -- EL VEDRINISMO - LOS CONTEXTOS -- Los contextos. En torno a la denominación 63 -- Representantes 65 -- Contexto sociales-económico 67 -- Contexto cultural 69 -- TIMPANO DE LA MONTAÑA - ANALISIS 89 -- EL POSTUMISMO - LOS CONTEXTOS 107 -- POEMA DE LA HIJA REINTEGRADA - ANALISIS 143 -- YELIDA - ANALISIS 217 4aPoesía dominicanaxHistoria y crítica